The ante-bellum diary of Miriam Brannin Hilliard, an Arkansas planter's wife, 1849-1850 /

Bibliographic Details
Main Author: Nutt, Jesse Lamar
Format: Thesis Book
Language:English
Published: [Place of publication not identified] : [publisher not identified] ; 1957.
Subjects:

MARC

Tag First Indicator Second Indicator Subfields
LEADER 00000ctm a2200000Ia 4500
001 in00002467136
005 20151110075239.0
008 090306s1957 xx ab bm 000 0deng d
035 |a (OCoLC)ocn312708000 
035 |a (OCoLC)312708000 
040 |a TXA  |c TXA  |d UtOrBLW 
043 |a n-us-ar 
049 |a TXAM 
090 |a F417.C45  |b N87 1957 
100 1 |a Nutt, Jesse Lamar. 
245 1 4 |a The ante-bellum diary of Miriam Brannin Hilliard, an Arkansas planter's wife, 1849-1850 /  |c by Jesse Lamar Nutt, Jr. 
264 1 |a [Place of publication not identified] :  |b [publisher not identified] ;  |c 1957. 
300 |a vi, 166 leaves :  |b illustrations, map ;  |c 29 cm. 
336 |a text  |b txt  |2 rdacontent 
337 |a unmediated  |b n  |2 rdamedia 
338 |a volume  |b nc  |2 rdacarrier 
500 |a "July 1957." 
500 |a Diary of Mrs. Isaac H. Hilliard (d. 1853), nee Miriam Brannin of New Castle, Henry Co., Ky., wife of Isaac H. Hilliard, planter, of Grand Lake, Chicot Co., Ark., and related by marriage to Bishop Leonidas Polk. 
502 |b M.A.  |c Louisiana State University  |d 1957. 
504 |a Includes bibliographical references (leaf 129-137) 
500 |a The Cushing Library/Kelsey Americana copy is inscribed to Frank E. Vandiver by the author. 
500 |a The Cushing Library/Kelsey Americana copy was donated by Dr. Frank E. Vandiver. 
650 0 |a Plantation life  |z Arkansas  |z Chicot County  |x History  |y 19th century. 
651 0 |a Chicot County (Ark.)  |x History  |y 19th century. 
600 1 0 |a Hilliard, Miriam Brannin,  |d -1853  |x Diaries. 
600 3 0 |a Hilliard family. 
994 |a C0  |b TXA 
948 |a cataloged  |b h  |c 2009/3/6  |d o  |e nbehmer  |f 10:15:58 am 
999 |a MARS 
999 f f |s d2f204e9-21a1-3e37-aa09-f327d030a167  |i 189889a2-2880-3ae9-9d54-93d7d1433634  |t 0 
952 f f |p noncirc  |a Texas A&M University  |b College Station  |c Cushing Memorial Library & Archives  |d Cushing: Kelsey Americana (Does not check out)  |t 0  |e F417.C45 N87 1957  |h Library of Congress classification  |i unmediated -- volume 
998 f f |a F417.C45 N87 1957  |t 0  |l Cushing: Kelsey Americana (Does not check out)